000 02551nam a22002537a 4500
999 _c59927
_d59927
003 Ge_BSU
005 20230517122932.0
008 230517s2019 ge ||||| |||| 00| 0 geo d
020 _a9789941488603
041 _ageo
080 _a821.353.1-91+398 : 22(=353.1) ა-95
245 _aაჭარული საუნჯე :
_b [კრებული]. (ქობულეთი). ტომი 5 /
_cმასალები მოამზადა ნანული ნოღაიდელმა; მთავარი რედაქტორი მერაბ ხალვაში; რედაქტორები : როინ მალაყმაძე, შუშანა ფუტკარაძე, ნოდარ კახიძე, ბიჭიკო დიასამიძე, თამილა ლომთათიძე; ბათუმის შოთა რუსთაველის სახელმწ. უნივერსიტეტი, ნიკო ბერძენიშვილის ინსტიტუტის ფოლკლორის, დიალექტოლოგიისა და ემიგრანტული ლიტერატურის კვლევის განყოფილება
_h
264 _aბათუმი :
_bბათუმის შოთა რუსთაველის სახელმწ. უნ-ტი,
_c2019.
300 _a443 გვ. ;
_b30 სმ.
501 _aსაძიებელი გვ. 429-433
700 _aხალვაში, მერაბ
_eმთავარი რედაქტორი
_918093
700 _aმალაყმაძე, როინ
_eრედაქტორი
_918094
700 _aფუტკარაძე, შუშანა
_eრედაქტორი
_91978
700 _aკახიძე, ნოდარ
_eრედაქტორი
_918095
700 _aდიასამიძე, ბიჭიკო
_eრედაქტორი
_918096
700 _aლომთათიძე, თამილა
_eრედაქტორი
_910264
710 _aშოთა რუსთაველის სახელმწ. უნივერსიტეტი
_bნიკო ბერძენიშვილის ინსტიტუტის ფოლკლორის, დიალექტოლოგიისა და ემიგრანტული ლიტერატურის კვლევის განყოფილება
_918097
942 _2udc
_cBK